MARC

LEADER 00000nbm0a2200000 4500
001 357667
005 20231102011021.0
035 |a (RuTPU)RU\TPU\retro\14935 
035 |a RU\TPU\retro\14923 
090 |a 357667 
100 |a 20200807j1939 k y0rusy50 ca 
101 0 |a rus 
102 |a RU 
105 |a a m 001zy 
200 1 |a Турбина мятого пара в применении к паровозу  |e диссертационная работа на соискание ученой степени кандидата технических наук  |f Н. И. Анастасиева  |g Томский индустриальный институт 
210 |a Томск  |d 1939 
215 |a 105 л.  |c граф., схемы, табл., черт. 
320 |a Библиогр.: с. 101 
320 |a Опись черт.: с. 102-104 
606 1 |a Паротехника  |2 stltpush  |3 (RuTPU)RU\TPU\subj\48318  |9 67194 
606 1 |a Турбостроение  |2 stltpush  |3 (RuTPU)RU\TPU\subj\62139  |9 79288 
606 1 |a Паровые турбины  |2 stltpush  |3 (RuTPU)RU\TPU\subj\74182  |9 86661 
610 1 |a диссертации 
610 1 |a коллекция ТПУ 
610 1 |a вакуум 
610 1 |a рентабельность 
610 1 |a типы 
610 1 |a расчеты 
610 1 |a регулирование 
610 1 |a переменный режим 
610 1 |a режим работы 
610 1 |a вентиляторы 
610 1 |a генераторы 
610 1 |a мощность 
610 1 |a характеристики 
610 1 |a тендеры 
610 1 |a экономичность 
675 |a 621.11  |v 3 
675 |a 62-135  |v 3 
675 |a 621.165  |v 3 
700 1 |a Анастасиева  |b Н. И. 
712 0 2 |a Томский индустриальный институт  |c (1934-1944)  |2 stltpush  |3 (RuTPU)RU\TPU\col\9243  |9 24665 
801 1 |a RU  |b 63413507  |c 20111006 
801 2 |a RU  |b 63413507  |c 20200807  |g RCR 
942 |c BK